| Tag |
First Indicator |
Second Indicator |
Subfields |
| LEADER |
00000cam a2200000Ii 4500 |
| 001 |
in00000021524 |
| 005 |
20151007063628.0 |
| 008 |
761216s1935 ohu 000 1 eng d |
| 035 |
|
|
|a (OCoLC)ocm01919994
|
| 035 |
|
|
|9 AAD7855AM
|
| 040 |
|
|
|a AZU
|c AZU
|d OCL
|d TXA
|d UtOrBLW
|
| 041 |
0 |
|
|a eng
|a ger
|
| 049 |
|
|
|a TXAM
|
| 090 |
|
|
|a PT3919.T7
|b S413 1935
|
| 100 |
1 |
|
|a Traven, B.
|
| 240 |
1 |
0 |
|a Schatz der Sierra Madre.
|l English
|
| 245 |
1 |
4 |
|a The treasure of the Sierra Madre /
|c B. Traven.
|
| 250 |
|
|
|a Forum books edition.
|
| 264 |
|
1 |
|a Cleveland :
|b World Pub. Co.,
|c [1935]
|
| 264 |
|
4 |
|c ©1935
|
| 300 |
|
|
|a 366 pages ;
|c 20 cm.
|
| 336 |
|
|
|a text
|b txt
|2 rdacontent
|
| 337 |
|
|
|a unmediated
|b n
|2 rdamedia
|
| 338 |
|
|
|a volume
|b nc
|2 rdacarrier
|
| 500 |
|
|
|a Translation of Der Schatz der Sierra Madre.
|
| 994 |
|
|
|a E0
|b TXA
|
| 949 |
|
|
|a updated
|b h
|c 2003/6/3
|e lmiller
|f 12:18:07 pm (Replacement of wrong record with right one)
|
| 999 |
|
|
|a MARS
|
| 999 |
f |
f |
|s 379cafc1-150b-31e5-8f82-3e3f3115bbe5
|i ba5dd274-dbfa-307a-b04f-f64d14e8743e
|t 0
|
| 952 |
f |
f |
|p normal
|a Texas A&M University
|b College Station
|c Sterling C. Evans Library
|d Evans: Library Stacks
|t 0
|e PT3919.T7 S413 1935
|h Library of Congress classification
|i unmediated -- volume
|m A14801253205
|
| 998 |
f |
f |
|a PT3919.T7 S413 1935
|t 0
|l Evans: Library Stacks
|